Cartas a André Breton (Record no. 15855)

MARC details
000 -LEADER
campo de control de longitud fija 00919nam a2200253 i 4500
001 - NÚMERO DE CONTROL
campo de control 15855
003 - IDENTIFICADOR DE NÚMERO DE CONTROL
campo de control ES-MaACL
005 - FECHA Y HORA DE LA ÚLTIMA TRANSACCIÓN
campo de control 20230906151154.0
007 - CAMPO FIJO DE DESCRIPCIÓN FÍSICA--INFORMACIÓN GENERAL
campo de control de longitud fija t|
008 - DATOS DE LONGITUD FIJA--INFORMACIÓN GENERAL
campo de control de longitud fija 000508s1977 sp ||||1| spa d
020 ## - NÚMERO INTERNACIONAL ESTÁNDAR DEL LIBRO
Número Internacional Estándar del Libro 84-400-3096-7
080 ## - NÚMERO DE LA CLASIFICACIÓN DECIMAL UNIVERSAL
Número de la Clasificación Decimal Universal 929 Artaud, Antonin
080 ## - NÚMERO DE LA CLASIFICACIÓN DECIMAL UNIVERSAL
Número de la Clasificación Decimal Universal 821.133.1-6"19"
100 1# - ENTRADA PRINCIPAL--NOMBRE DE PERSONA
Nombre de persona Artaud, Antonin.
9 (RLIN) 23422
245 10 - MENCIÓN DEL TÍTULO
Título Cartas a André Breton
Resto del título : dibujos, páginas de los cuadernos (1944-1948) /
Mención de responsabilidad, etc. Antonin Artaud ; prólogo de Miguel Morey ; con dos retratos de Man Ray ; [versión de Jaume Pomar].
260 ## - PUBLICACIÓN, DISTRIBUCIÓN, ETC.
Lugar de publicación, distribución, etc. Barcelona [etc.] :
Nombre del editor, distribuidor, etc. José J. de Olañeta,
Fecha de publicación, distribución, etc. D.L. 1977.
300 ## - DESCRIPCIÓN FÍSICA
Extensión 102 p. :
Otras características físicas il. ;
Dimensiones 22 cm.
490 1# - MENCIÓN DE SERIE
Mención de serie Pequeña biblioteca calamvs scriptorivs ;
Designación de volumen o secuencia 2
700 1# - ENTRADA AGREGADA--NOMBRE PERSONAL
Nombre de persona Morey, Miguel.
9 (RLIN) 83498
700 1# - ENTRADA AGREGADA--NOMBRE PERSONAL
Nombre de persona Pomar, Jaume.
9 (RLIN) 92897
830 0# - PUNTO DE ACCESO ADICIONAL DE SERIE-TÍTULO UNIFORME
Título uniforme Pequeña biblioteca calamvs scriptorivs ;
Designación de volumen o secuencia 2
9 (RLIN) 182965
852 ## - LOCALIZACIÓN
Ubicación ES-MaACL
Número de control de estantería L-23049
Sublocalización o colección R.127593
Holdings
Estatus retirado Estado de pérdida Estado de daño No para préstamo Biblioteca de origen Biblioteca actual Ubicación en estantería Fecha de adquisición Fuente de adquisición Total de préstamos Signatura topográfica completa Código de barras Visto por última vez Precio de reemplazo Tipo de ítem Koha
        Biblioteca del Ateneo de Madrid Biblioteca del Ateneo de Madrid Depósito 2 17/01/2008     L-23049 1016115 23/02/2023 23/02/2023 Libro impreso